Xu thế mã nguồn mở và triển khai ứng dụng Easy Hosting Control Panel (EHCP) trên hệ điều hành Asianux Desktop
hệ thống lý thuyết về lịch sử hình thành và phát triển hệ điều hành mã nguồn mở, trình bày sơ lược về phần mềm nguồn mở. Đồng thời nêu ra xu thế lựa chọn phần mềm nguồn mở của các doanh nghiệp. Giới thiệu về liên minh Asianux, hệ điều hành Asianux Desktop. Hướng dẫn cài đặt và làm quen với các ứng d...
Αποθηκεύτηκε σε:
| Κύριος συγγραφέας: | |
|---|---|
| Άλλοι συγγραφείς: | |
| Μορφή: | Βιβλίο |
| Έκδοση: |
Đà Nẵng
Đại học Sư phạm, Đại học Đà Nẵng
2012
|
| Θέματα: | |
| Ετικέτες: |
Προσθήκη ετικέτας
Δεν υπάρχουν, Καταχωρήστε ετικέτα πρώτοι!
|
| Thư viện lưu trữ: | Mạng thư viện Đại học Đà Nẵng |
|---|
| LEADER | 02153nam a2200337 4500 | ||
|---|---|---|---|
| 001 | 000017262 | ||
| 003 | 13678 | ||
| 005 | 20130327100329.0 | ||
| 008 | 130327s2012 sd | ||
| 082 | |a 005.43 |b NG-N | ||
| 100 | 1 | |a Nguyễn Thị Nguyệt | |
| 245 | |a Xu thế mã nguồn mở và triển khai ứng dụng Easy Hosting Control Panel (EHCP) trên hệ điều hành Asianux Desktop |c Nguyễn Thị Nguyệt ; Lê Văn Sơn hướng dẫn |k Khóa luận tốt nghiệp | ||
| 260 | |a Đà Nẵng |b Đại học Sư phạm, Đại học Đà Nẵng |c 2012 | ||
| 300 | |a 79 tr. |b Hình mh. |c 29 cm. |e Đĩa CD, bản tóm tắt | ||
| 500 | |a Khóa luận tốt nghiệp đại học. Chuyên ngành: Cử nhân công nghệ thông tin 1 | ||
| 504 | |a Mục lục đầu trang, tài liệu tham khảo tr. 73 - 74, phụ lục [13 tr.] | ||
| 520 | |a hệ thống lý thuyết về lịch sử hình thành và phát triển hệ điều hành mã nguồn mở, trình bày sơ lược về phần mềm nguồn mở. Đồng thời nêu ra xu thế lựa chọn phần mềm nguồn mở của các doanh nghiệp. Giới thiệu về liên minh Asianux, hệ điều hành Asianux Desktop. Hướng dẫn cài đặt và làm quen với các ứng dụng cơ bản trên Asianux Desktop 3.5. Triển khai ứng dụng quản trị Server EHCP trong Asianux Desktop | ||
| 600 | 1 | 4 | |b Vua |c Đinh Tiên Hoàng |
| 650 | 0 | 4 | |a Hệ điều hành |v Khóa luận tốt nghiệp |x Ứng dụng tin học |
| 653 | |a Khoa Tin |a Ứng dụng Easy hosting control panel |a Hệ điều hành Asianux desktop |a Ứng dụng tin học | ||
| 700 | |a Lê Văn Sơn |c PGS.TS |e Hướng dẫn | ||
| OWN | |a LSP | ||
| AVA | |a UDN50 |b LSP |d 005.43 NG-N |e available |t Error 5001 Not defined in file expand_doc_bib_avail. |f 1 |g 0 |h N |i 0 |k 1 | ||
| 999 | |a From the UDN01 | ||
| AVA | |a UDN50 |b LSP |d 005.43 NG-N |e available |t Error 5001 Not defined in file expand_doc_bib_avail. |f 1 |g 0 |h N |i 0 |k 1 | ||
| TYP | |a Monograph | ||
| TYP | |a Printed language | ||
| 980 | |a Mạng thư viện Đại học Đà Nẵng | ||